Inmigración y derechos de ciudadanía / (Record no. 58754)

MARC details
000 -LEADER
campo de control de longitud fija 01301cam a2200325 4500
001 - NÚMERO DE CONTROL
campo de control 3445
005 - FECHA Y HORA DE LA ÚLTIMA TRANSACCIÓN
campo de control 20230410121135.0
008 - DATOS DE LONGITUD FIJA--INFORMACIÓN GENERAL
campo de control de longitud fija 060907n2006 sp spa
035 ## - NÚMERO DE CONTROL DEL SISTEMA
Número de control de sistema (OCoLC)ocn123941858
040 ## - FUENTE DE CATALOGACIÓN
Centro catalogador/agencia de origen PL#
Lengua de catalogación spa
Centro/agencia transcriptor PL#
020 ## - NÚMERO INTERNACIONAL ESTÁNDAR DEL LIBRO
Número Internacional Estándar del Libro 8487072763
020 ## - NÚMERO INTERNACIONAL ESTÁNDAR DEL LIBRO
Número Internacional Estándar del Libro 9788487072765
029 0# - OTRO NÚMERO DE CONTROL DE SISTEMA (OCLC)
Identificador de la biblioteca OCLC PL#
Número de control de sistema 070001931
035 ## - NÚMERO DE CONTROL DEL SISTEMA
Número de control de sistema (OCoLC)123941858
050 14 - SIGNATURA TOPOGRÁFICA DE LA BIBLIOTECA DEL CONGRESO
Número de clasificación JV 6038
Número de ítem S471i 2006
111 2# - ENTRADA PRINCIPAL--NOMBRE DE CONGRESO/REUNIÓN
Nombre de congreso/reunión o jurisdicción como elemento de entrada Seminario Inmigración y Europa.
Sede del congreso/Lugar de la reunión (3o . Barcelona . 2006).
245 10 - MENCIÓN DEL TÍTULO
Título Inmigración y derechos de ciudadanía /
Mención de responsabilidad, etc. III Seminario Inmigración y Europa.
260 ## - PUBLICACIÓN, DISTRIBUCIÓN, ETC.
Lugar de publicación, distribución, etc. Barcelona :
Nombre del editor, distribuidor, etc. Fundacio CIDOB,
Fecha de publicación, distribución, etc. [2006].
300 ## - DESCRIPCIÓN FÍSICA
Extensión 224 p. :
Otras características físicas gráf. ;
Dimensiones 30 cm.
490 1# - MENCIÓN DE SERIE
Mención de serie Colección Monografías
500 ## - NOTA GENERAL
Nota general III Seminario Inmigración y Europa celebrado en Barcelona del 15 al 16 de diciembre de 2005.
650 #0 - PUNTO DE ACCESO ADICIONAL DE MATERIA--TÉRMINO DE MATERIA
Término de materia o nombre geográfico como elemento de entrada Emigration and immigration
Subdivisión geográfica European Union countries
Subdivisión de forma Congresses.
650 #0 - PUNTO DE ACCESO ADICIONAL DE MATERIA--TÉRMINO DE MATERIA
Término de materia o nombre geográfico como elemento de entrada Emigration and immigration law
Subdivisión de forma Congresses.
653 ## - TÉRMINO DE INDIZACIÓN--NO CONTROLADO
Término no controlado Inmigración
-- Derecho
-- Aspectos sociales
-- Congresos, Conferencias, etc.
653 ## - TÉRMINO DE INDIZACIÓN--NO CONTROLADO
Término no controlado Inmigración
-- Derecho
-- Estudios
-- Conferencias, Congresos, etc.
710 2# - ENTRADA AGREGADA--NOMBRE DE ENTIDAD CORPORATIVA
Nombre de entidad corporativa o nombre de jurisdicción como elemento de entrada Centre d'Informació i Documentació Internacionals de Barcelona - CIDOB
938 ## -
-- Puvill Libros
-- PUVL
-- 9788487072765
-- $28.60
942 ## - ELEMENTOS DE ENTRADA SECUNDARIOS (KOHA)
Fuente del sistema de clasificación o colocación Clasificación de Library of Congress
Tipo de ítem Koha
994 ## -
-- C0
-- DRFGD
Holdings
Estatus retirado Estado de pérdida Fuente del sistema de clasificación o colocación Estado de daño No para préstamo Colección Biblioteca de origen Biblioteca actual Ubicación en estantería Fecha de adquisición Serial enumeration / chronology Signatura topográfica completa Código de barras Visto por última vez Copia número Tipo de ítem Koha
    Clasificación de Library of Congress     Ciencias Sociales Biblioteca Juan Bosch Biblioteca Juan Bosch Ciencias Sociales (3er. Piso) 24/10/2018 1 JV 6038 S471i 2006 00000044515 24/10/2018 1